কাশীদাসী মহাভারত / (Record no. 30912)

MARC details
000 -LEADER
fixed length control field 01278nam a22002057a 4500
003 - CONTROL NUMBER IDENTIFIER
control field BDDh-ASL
005 - DATE AND TIME OF LATEST TRANSACTION
control field 20231015031215.0
008 - FIXED-LENGTH DATA ELEMENTS--GENERAL INFORMATION
fixed length control field 200914s1990 ii ||||| |||| 00| 0 b d
040 ## - CATALOGING SOURCE
Original cataloging agency BDDh-ASL
Transcribing agency BDDh-ASL
Modifying agency BDDh-ASL
041 ## - LANGUAGE CODE
Language code of text/sound track or separate title bengali
082 ## - DEWEY DECIMAL CLASSIFICATION NUMBER
Classification number 294.5
Item number MOH
245 00 - TITLE STATEMENT
Title কাশীদাসী মহাভারত /
Statement of responsibility, etc. সুবোদচন্দ্র মজুমদার (সম্পা.)
246 ## - VARYING FORM OF TITLE
Title proper/short title Mohabharat.
260 ## - PUBLICATION, DISTRIBUTION, ETC.
Place of publication, distribution, etc. কলিকাতা:
Name of publisher, distributor, etc. দেব সাহিত্য কুটীর প্রাইভেট লিমিটেড,
Date of publication, distribution, etc. ১৯৯০।
300 ## - PHYSICAL DESCRIPTION
Extent ১২৩২ পৃষ্ঠা:
Dimensions ২৫ সে.মি.
650 #0 - SUBJECT ADDED ENTRY--TOPICAL TERM
Topical term or geographic name entry element Hindu Religion (হিন্দু ধর্ম), Hindu dharma, Hinduism, হিন্দুধর্ম, হিন্দুয়ানি, দেবদেবী, Dēbadēbī, Goddess, Dēba-dēbī, দেব-দেবী, Gods and Goddesses, হিন্দু ধর্মের ইতিহাস, Hindu dharmēra itihāsa, History of Hinduism, হিন্দু আইন, Hindu ā'ina, Hindu Law,
General subdivision Mohabharat (মহাভারত)
9 (RLIN) 6132
650 #0 - SUBJECT ADDED ENTRY--TOPICAL TERM
Topical term or geographic name entry element Mohabharat (মহাভারত)
9 (RLIN) 7427
700 1# - ADDED ENTRY--PERSONAL NAME
9 (RLIN) 732
Personal name মজুমদার, সুবোদচন্দ্র
942 ## - ADDED ENTRY ELEMENTS (KOHA)
Source of classification or shelving scheme Dewey Decimal Classification
Koha item type Books
Holdings
Withdrawn status Lost status Source of classification or shelving scheme Damaged status Not for loan Collection code Home library Current library Shelving location Date acquired Source of acquisition Total Checkouts Full call number Barcode Date last seen Copy number Price effective from Koha item type Public note
    Dewey Decimal Classification     Non-fiction Asiatic Society Library Asiatic Society Library Wakil Ahmed Collection 03/08/2023 Donated by Prof. Wakil Ahmed   294.5 MOH 119470 03/08/2023 C-1 03/08/2023 Books RARE

Powered by Koha